000 00441cam a22001571 4500
082 _a621.4021
_bOBE
_cL-12, P-23
100 1 _aObert, Edward F.,
_941744
245 1 0 _aThermodynamics.
250 _a1st ed.
260 _aNew York,
_bMcGraw-Hill Book Co.,
_c1948.
300 _axiv, 571 p.
_billus., diagrs.
_c24 cm.
526 _a0
_b0
_c0
_d621_402100000000000_OBE
650 0 _aMCE
_9379
650 0 _aThermodynamics.
_97134
942 _2ddc
_cBK
999 _c545928
_d545928